000 00883nam a22002657a 4500
001 BR8104104
003 BR-BrBNA
005 20230928091009.0
007 ta
008 230509b bl.||||| |||| 00| 0 por d
040 _aBR-BrBNA
_bpor
_cBiblioteca Nacional de Agricultura
041 _a(Por)
072 _aE10; D10
_b/G514
090 _ E10 BR8104104
110 1 _aBanco Central do Brasil, Brasilia, DF
_91040
245 1 _aNormas gerais dos fundos e programas administrados pelos orgaos oficiais de credito. t. 2: BNDE [Banco Nacional de Desenvolvimento economico; Politica economica; Administracao publica; Brasil]
260 3 _aBrasilia, DF (Brasil):
_c1981.
300 _a32 p.
650 _aADMINISTRACAO PUBLICA
650 _aPOLITICA ECONOMICA
650 _aCREDITO
650 _aDESENVOLVIMENTO ECONOMICO
909 _a202309
_bLucia
_c55
_dLucia Elande
942 _cBK
999 _c31662
_d31662